000
00282nam a22001337a 4500
003
SGT
020
_a
9788119559312
082
_a
375.001,AYY
100
_a
AYYAPPAN
245
_a
CURRICULUM DEVELOPMENT
260
_a
JAIPUR
_b
POINTER PUB.
_c
2024
300
_a
206
942
_2
ddc
_c
BK
999
_c
33486
_d
33486